Reforma constitucional e instituciones políticas (Registro nro. 1193)
[ vista simple ]
| 000 -LEADER | |
|---|---|
| fixed length control field | 00906 a2200205 4500 |
| 001 - CONTROL NUMBER | |
| control field | 24522 |
| 005 - DATE AND TIME OF LATEST TRANSACTION | |
| control field | 20260407155529.0 |
| 008 - FIXED-LENGTH DATA ELEMENTS--GENERAL INFORMATION | |
| fixed length control field | 260407a1994 arg spa d |
| 003 - CONTROL NUMBER IDENTIFIER | |
| control field | AR-UNSa-BCEJYS |
| 040 ## - CATALOGING SOURCE | |
| Original cataloging agency | AR-UNSa-BCEJYS |
| Language of cataloging | spa |
| Transcribing agency | AR-UNSa-BCEJYS |
| 080 ## - UNIVERSAL DECIMAL CLASSIFICATION NUMBER | |
| Universal Decimal Classification number | 342.5 |
| Common auxiliary subdivision | Poderes del estado. Sistema y función de los órganos del gobierno |
| 020 ## - INTERNATIONAL STANDARD BOOK NUMBER | |
| International Standard Book Number | 950-9606-89-8 |
| 100 1# - MAIN ENTRY--PERSONAL NAME | |
| Personal name | Badeni, Gregorio |
| 245 10 - TITLE STATEMENT | |
| Title | Reforma constitucional e instituciones políticas |
| 264 #1 - PRODUCTION, PUBLICATION, DISTRIBUTION, MANUFACTURE, AND COPYRIGHT NOTICE | |
| Place of production, publication, distribution, manufacture | Buenos Aires : |
| Name of producer, publisher, distributor, manufacturer | AD-HOC |
| Date of production, publication, distribution, manufacture, or copyright notice | 1994 |
| 300 ## - PHYSICAL DESCRIPTION | |
| Extent | 494 p. |
| Dimensions | 23 cm. |
| 505 ## - FORMATTED CONTENTS NOTE | |
| Formatted contents note | 1. La constitución - 2. Técnica constitucional - 3. Reforma constitucional - 4. Nuevos derechos y garantías - 5. Organización del Congreso de la Nación - 6. Organización del poder ejecutivo de la Nación - 7. Organización del poder judicial de la Nación - 8. Gobiernos de la provincia. |
| 590 ## - LOCAL NOTE (RLIN) | |
| Local note | niveau_biblio:m niveau_hierar:0 |
| 942 ## - ADDED ENTRY ELEMENTS (KOHA) | |
| Koha item type | |
| Withdrawn status | Lost status | Damaged status | Not for loan | Home library | Current library | Shelving location | Date acquired | Total checkouts | Full call number | Barcode | Date last seen | Price effective from | Koha item type |
|---|---|---|---|---|---|---|---|---|---|---|---|---|---|
| Biblioteca Prof. Eusebio Cleto del Rey | Biblioteca Prof. Eusebio Cleto del Rey | 07/04/2026 | 342.5 B134 | L70186 | 07/04/2026 | 07/04/2026 | Libro | ||||||
| Biblioteca Prof. Eusebio Cleto del Rey | Biblioteca Prof. Eusebio Cleto del Rey | 07/04/2026 | 342.5 B134 | L70185 | 07/04/2026 | 07/04/2026 | Libro |